000
00300nam a22001337a 4500
008
171123b xxu||||| |||| 00| 0 eng d
020
_a
9780070608986
041
_a
eng
080
_a
517
100
_a
11
101
_a
BIO
245
_a
MOLECULAR AND CELL BIOLOGY
_c
COLOME.J.S
942
_2
udc
_c
BK
999
_c
38328
_d
38328